| 000 | 00419nam a2200133Ia 4500 | ||
|---|---|---|---|
| 005 | 20260326100026.0 | ||
| 008 | 260326s9999||||xx |||||||||||||| ||und|| | ||
| 100 | _aEstrada de Nova, Beatriz | ||
| 245 | 0 |
_aArquitectura en Colombia : _b Y el sentido de lugar, ultimos 25 AƱos / _cBeatriz Estrada de Nova |
|
| 260 | _bSociedad Colombiana de Arquitectos | ||
| 300 | _a191 p. | ||
| 650 | _aARQUITECTURA REGIONAL | ||
| 942 | _cBK | ||
| 999 |
_c6415 _d6415 |
||